Orientacja rynkowa we współczesnym handlu detalicznym

Salvato in:
Dettagli Bibliografici
Altri autori: Borusiak, Barbara
Natura: Libro
Lingua:polacco
inglese
Pubblicazione: Poznań Wydawnictwo Uniwersytetu Ekonomicznego w Poznaniu 2011
Serie:Zeszyty naukowe 177
Soggetti:
Tags: Aggiungi Tag
Nessun Tag, puoi essere il primo ad aggiungerne!!

MARC

LEADER 00000nam a2200000 4500
001 0141710
005 20240109073621.5
020 |a 978-83-7417-587-6 
022 |a 1689-7374 
041 0 |a pol 
041 0 |a eng 
044 |a PL 
245 1 0 |a Orientacja rynkowa we współczesnym handlu detalicznym  |c redaktor naukowy Barbara Borusiak 
264 1 |a Poznań  |b Wydawnictwo Uniwersytetu Ekonomicznego w Poznaniu  |c 2011 
300 |a 290 s. 
490 1 |a Zeszyty naukowe  |v 177 
830 0 |a Zeszyty naukowe  |v 177 
610 2 0 |a obchod 
610 2 0 |a podnik obchodný 
610 2 0 |a trh 
610 2 0 |a konkurencia 
610 2 0 |a konkurencieschopnosť 
610 2 0 |a hypermarkety 
610 2 0 |a zákazníci 
610 2 0 |a bioprodukty 
610 2 0 |a ceny 
610 2 0 |a marketing 
610 2 0 |a komunikácia marketingová 
610 2 0 |a Poľsko 
610 2 0 |a Slovensko 
700 1 |a Borusiak, Barbara